Pravāsi kaṇḍa Iṇḍiyā. (Record no. 73132)
[ view plain ]
| 000 -LEADER | |
|---|---|
| fixed length control field | 00829cam a22002531 4500 |
| 001 - CONTROL NUMBER | |
| control field | sa 67002221 |
| 003 - CONTROL NUMBER IDENTIFIER | |
| control field | DLC |
| 005 - DATE AND TIME OF LATEST TRANSACTION | |
| control field | 20260227112329.0 |
| 008 - FIXED-LENGTH DATA ELEMENTS--GENERAL INFORMATION | |
| fixed length control field | 860923m19649999ii ab b 001 0 kanx |
| 010 ## - LIBRARY OF CONGRESS CONTROL NUMBER | |
| LC control number | sa 67002221 |
| 025 ## - OVERSEAS ACQUISITION NUMBER | |
| Overseas acquisition number | PL480:I-Kan-718 |
| 035 ## - SYSTEM CONTROL NUMBER | |
| System control number | (OCoLC)15066401 |
| 040 ## - CATALOGING SOURCE | |
| Original cataloging agency | DLC |
| Transcribing agency | NN |
| Modifying agency | DLC |
| 043 ## - GEOGRAPHIC AREA CODE | |
| Geographic area code | a-ii-- |
| 050 00 - LIBRARY OF CONGRESS CALL NUMBER | |
| Classification number | DS409 |
| Item number | .H3 |
| 100 1# - MAIN ENTRY--PERSONAL NAME | |
| Personal name | Nāgēgauḍa, H. L. |
| 245 10 - TITLE STATEMENT | |
| Title | Pravāsi kaṇḍa Iṇḍiyā. |
| Statement of responsibility, etc. | [Lēkhaka] Ec. El. Nāgēgauḍa. |
| 260 ## - PUBLICATION, DISTRIBUTION, ETC. | |
| Place of publication, distribution, etc. | [Maisūru] |
| Name of publisher, distributor, etc. | Prasārāṅga, Maisūru Viśvavidyānilaya, |
| Date of publication, distribution, etc. | 1964- |
| 300 ## - PHYSICAL DESCRIPTION | |
| Extent | v. |
| Other physical details | illus., maps (part fold.) |
| Dimensions | 22 cm. |
| 490 0# - SERIES STATEMENT | |
| Series statement | Maisūru Viśvavidyānilaya Kannaḍa granthamāle, |
| Volume/sequential designation | 71, 84 |
| 500 ## - GENERAL NOTE | |
| General note | In Kannada. |
| 504 ## - BIBLIOGRAPHY, ETC. NOTE | |
| Bibliography, etc. note | Includes bibliographies and indexes. |
| 651 #0 - SUBJECT ADDED ENTRY--GEOGRAPHIC NAME | |
| Geographic name | India |
| General subdivision | Description and travel |
| -- | Early works to 1800. |
No items available.